LIBRARY & INFORMATION CENTRE, KCAET, TAVANUR

ONLINE PUBLIC ACCESS CATALOGUE (OPAC)

University of Calicut- list of textbooks (Record no. 17389)

MARC details
000 -LEADER
fixed length control field 00267nam a22000977a 4500
003 - CONTROL NUMBER IDENTIFIER
control field OSt
008 - FIXED-LENGTH DATA ELEMENTS--GENERAL INFORMATION
fixed length control field 210826b ||||| |||| 00| 0 eng d
245 ## - TITLE STATEMENT
Title University of Calicut- list of textbooks
260 ## - PUBLICATION, DISTRIBUTION, ETC. (IMPRINT)
Place of publication University of Calicut
Name of publisher University of Calicut
Year of publication 1971
942 ## - ADDED ENTRY ELEMENTS (KOHA)
Koha item type Books
Holdings
Withdrawn status Lost status Damaged status Home library Current library Date acquired Accession Number Koha item type
Withdrawn     KAUAET KAUAET 26/08/2021 13209 Books
Withdrawn     KAUAET KAUAET 26/08/2021 13211 Books
free website counter